Different methods of treatment of distal radius fracture including external fixator with kirschner wires augmentation and internal fixation / (رقم التسجيلة. 78930)

تفاصيل مارك
000 -LEADER
fixed length control field 02517cam a2200349 a 4500
003 - CONTROL NUMBER IDENTIFIER
control field EG-GiCUC
005 - DATE AND TIME OF LATEST TRANSACTION
control field 20250223032635.0
008 - FIXED-LENGTH DATA ELEMENTS--GENERAL INFORMATION
fixed length control field 201123s2020 ua dh f m 000 0 eng d
040 ## - CATALOGING SOURCE
Original cataloging agency EG-GiCUC
Language of cataloging eng
Transcribing agency EG-GiCUC
041 0# - LANGUAGE CODE
Language code of text/sound track or separate title eng
049 ## - LOCAL HOLDINGS (OCLC)
Holding library Deposite
097 ## - Thesis Degree
Thesis Level Ph.D
099 ## - LOCAL FREE-TEXT CALL NUMBER (OCLC)
Classification number Cai01.11.25.Ph.D.2020.Ah.D
100 0# - MAIN ENTRY--PERSONAL NAME
Personal name Ahmed Hamdi Ali
245 10 - TITLE STATEMENT
Title Different methods of treatment of distal radius fracture including external fixator with kirschner wires augmentation and internal fixation /
Statement of responsibility, etc. Ahmed Hamdi Ali ; Supervised Nasser Othman Elkoussy , Ahmed Samir Barakat , Tarek Abdulkhalek
246 15 - VARYING FORM OF TITLE
Title proper/short title الطرق المختلفة لعلاج كسر أسفل عظمة الكعبرة باستخدام المثبت الخارجى و الاسلاك المعدنية او باستخدام التثبيت الداخلى
260 ## - PUBLICATION, DISTRIBUTION, ETC.
Place of publication, distribution, etc. Cairo :
Name of publisher, distributor, etc. Ahmed Hamdi Ali ,
Date of publication, distribution, etc. 2020
300 ## - PHYSICAL DESCRIPTION
Extent 154 P . :
Other physical details charts , facsmilies ;
Dimensions 25cm
502 ## - DISSERTATION NOTE
Dissertation note Thesis (Ph.D.) - Cairo University - Faculty of Medicine - Department of Orthopedic Surgery
520 ## - SUMMARY, ETC.
Summary, etc. Distal radius fractures are the most common fractures of the upper extremity, representing approximately one-sixth of all fractures treated in the emergency room. Falling on the out-stretched hand is the most common mode of trauma. Various classification systems are used to classify distal radius fractures; in this study, the AO classification system was used. There are different methods for treatment of this type of fractures including casting, percutaneous pinning, ORIF by plate and screws, external fixation with or without K-wires augmentation and a combination of the above methods.In this study, forty patients with intra-articular fracture distal radius were managed over 18 months , 20 patients were managed by ORIF with plating and the other 20 patients were managed by external fixator with K-wires augmentation , 34 patients were males and 6 were females with age ranging from 22 to 83 years with a mean of 39.8. Green & O{u2019}Brien and Sarmiento scoring systems were used in assessment of the patients
530 ## - ADDITIONAL PHYSICAL FORM AVAILABLE NOTE
Additional physical form available note Issued also as CD
653 #4 - INDEX TERM--UNCONTROLLED
Uncontrolled term Distal radius fracture
653 #4 - INDEX TERM--UNCONTROLLED
Uncontrolled term External fixator
653 #4 - INDEX TERM--UNCONTROLLED
Uncontrolled term Kirschner wires augmentation
700 0# - ADDED ENTRY--PERSONAL NAME
Personal name Ahmed Samir Barakat ,
Relator term
700 0# - ADDED ENTRY--PERSONAL NAME
Personal name Nasser Othman Elkoussy ,
Relator term
700 0# - ADDED ENTRY--PERSONAL NAME
Personal name Tarek Abdulkhalek ,
Relator term
856 ## - ELECTRONIC LOCATION AND ACCESS
Uniform Resource Identifier <a href="http://172.23.153.220/th.pdf">http://172.23.153.220/th.pdf</a>
905 ## - LOCAL DATA ELEMENT E, LDE (RLIN)
Cataloger Amira
Reviser Cataloger
905 ## - LOCAL DATA ELEMENT E, LDE (RLIN)
Cataloger Nazla
Reviser Revisor
942 ## - ADDED ENTRY ELEMENTS (KOHA)
Source of classification or shelving scheme Dewey Decimal Classification
Koha item type Thesis
المقتنيات
Source of classification or shelving scheme Not for loan Home library Current library Date acquired Full call number Barcode Date last seen Koha item type Copy number
Dewey Decimal Classification   المكتبة المركزبة الجديدة - جامعة القاهرة قاعة الرسائل الجامعية - الدور الاول 11.02.2024 Cai01.11.25.Ph.D.2020.Ah.D 01010110082143000 22.09.2023 Thesis  
Dewey Decimal Classification   المكتبة المركزبة الجديدة - جامعة القاهرة مخـــزن الرســائل الجـــامعية - البدروم 11.02.2024 Cai01.11.25.Ph.D.2020.Ah.D 01020110082143000 22.09.2023 CD - Rom 82143.CD
Cairo University Libraries Portal Implemented & Customized by: Eng. M. Mohamady Contacts: new-lib@cl.cu.edu.eg | cnul@cl.cu.edu.eg
CUCL logo CNUL logo
© All rights reserved — Cairo University Libraries
CUCL logo
Implemented & Customized by: Eng. M. Mohamady Contact: new-lib@cl.cu.edu.eg © All rights reserved — New Central Library
CNUL logo
Implemented & Customized by: Eng. M. Mohamady Contact: cnul@cl.cu.edu.eg © All rights reserved — Cairo National University Library